[Event "8th ch-Euro"]
[Site "Dresden GER"]
[Date "2007.04.03"]
[Round "1"]
[White "Ardeleanu,A"]
[Black "Predojevic,B"]
[Result "0-1"]
[WhiteElo "2407"]
[BlackElo "2587"]
[EventDate "2007.04.03"]

1. e4 c5 2. Nf3 e6 3. b3 b6 4. d4 cxd4 5. Nxd4 Bb7 6. Bd3 d6 7. O-O Nf6 8.
Qe2 Nbd7 9. c4 a6 10. Nc3 g6 11. Bb2 Bg7 12. Rad1 O-O 13. Bb1 Qc7 14. f4
Rad8 15. Kh1 Nc5 16. b4 Ncd7 17. Ndb5 axb5 18. Nxb5 Qb8 19. Nxd6 Ba8 20. e5
Ne8 21. Ne4 f6 22. exf6 Ndxf6 23. Ng5 Rxd1 24. Rxd1 Qxf4 25. Nxe6 Qg4 26.
Qxg4 Nxg4 27. Bxg7 Rf2 28. Re1 Nxg7 29. Ng5 Rxg2 30. Be4 Rxh2+ 31. Kg1 Rh5
32. Bxa8 Rxg5 33. Kf1 Nf5 34. Rc1 Kf8 35. c5 bxc5 36. b5 Nd6 37. b6 Rf5+
38. Kg1 Nf6 39. Bc6 c4 40. Rxc4 Ra5 41. a4 Nd5 42. b7 Nxb7 43. Bxb7 Nb6 44.
Rf4+ Ke7 45. Bc6 Rc5 46. Bb5 h5 47. Rb4 Kf6 48. a5 Nd5 49. Rb2 Nc7 50. Rf2+
Kg7 51. Bd3 Rxa5 52. Rg2 g5 53. Rc2 Ne6 54. Kf2 Kf6 55. Be4 Re5 56. Bg2 g4
57. Rc8 Kg5 58. Kg3 h4+ 59. Kf2 Rf5+ 60. Kg1 Rc5 61. Rg8+ Kf4 62. Ra8 Ng5
63. Ra1 Rc2 64. Kh1 h3 65. Rf1+ Kg3 66. Bd5 Nf3 67. Rxf3+ gxf3 68. Kg1 0-1

[Event "8th ch-Euro"]
[Site "Dresden GER"]
[Date "2007.04.03"]
[Round "1"]
[White "Landa,K"]
[Black "Danilov,I"]
[Result "1-0"]
[WhiteElo "2596"]
[BlackElo "2405"]
[EventDate "2007.04.03"]

1. e4 e5 2. Nf3 Nc6 3. Bc4 Nf6 4. d3 Be7 5. O-O O-O 6. Re1 d6 7. a4 h6 8.
a5 a6 9. h3 Be6 10. c3 Bxc4 11. dxc4 Nh7 12. Nbd2 Ng5 13. Nf1 Nxf3+ 14.
Qxf3 Bg5 15. Qg4 Bxc1 16. Rexc1 g6 17. Rd1 Qe8 18. Ne3 Ne7 19. c5 dxc5 20.
Qd7 Rc8 21. Ng4 Kg7 22. Nxe5 Ng8 23. Qxe8 Rfxe8 24. Nd7 Rxe4 25. Nxc5 Rc4
26. Nxb7 Rb8 27. Nd8 Nf6 28. Rd2 Kf8 29. Re1 Rb5 30. Rd3 Rxb2 31. Rf3 Re4
32. Rxe4 Nxe4 33. g4 Ng5 34. Re3 Rd2 35. Nc6 Rd5 36. h4 Ne6 37. Re5 Rc5 38.
Rxc5 Nxc5 39. Kg2 Ke8 40. h5 Kd7 41. g5 Ke8 42. gxh6 Kf8 43. hxg6 fxg6 44.
Kf3 Kg8 45. Ke3 Kh7 46. Kd4 Nb7 47. Kc4 Kxh6 48. Kb4 Kg5 49. Nb8 c5+ 50.
Ka4 Kf4 51. Nxa6 Ke4 52. Kb5 Nxa5 53. Kxa5 Kd3 54. Nxc5+ Kxc3 55. Kb5 Kd4
56. Kb4 Kd5 57. Nd3 Ke4 58. Ne1 Kf4 59. Kc3 g5 60. Kd2 1-0

[Event "8th ch-Euro"]
[Site "Dresden GER"]
[Date "2007.04.03"]
[Round "1"]
[White "Nijboer,F"]
[Black "Butnorius,A"]
[Result "1-0"]
[WhiteElo "2638"]
[BlackElo "2402"]
[EventDate "2007.04.03"]

1. e4 e5 2. Nf3 Nc6 3. Bb5 a6 4. Ba4 Nf6 5. O-O Be7 6. Re1 b5 7. Bb3 d6 8.
c3 O-O 9. h3 Nb8 10. d4 Nbd7 11. Nbd2 Bb7 12. Bc2 Re8 13. Nf1 Bf8 14. Ng3
g6 15. a4 c5 16. d5 c4 17. Bg5 h6 18. Be3 Nc5 19. Qd2 h5 20. Bg5 Be7 21.
Bh6 Bf8 22. Bg5 Be7 23. Ra3 Nfd7 24. Be3 Qc7 25. Rd1 Bf6 26. Qe2 Qd8 27.
Rda1 Qe7 28. Nf1 Rec8 29. N1d2 Qd8 30. Qf1 Qc7 31. Qb1 Nb6 32. axb5 axb5
33. Rxa8 Rxa8 34. Rxa8+ Nxa8 35. b3 cxb3 36. Bxb3 Bc8 37. Bd1 Bd7 38. c4
Qa5 39. Nb3 Nxb3 40. Qxb3 bxc4 41. Qb8+ Kg7 42. Qxd6 Be8 43. Bh6+ Kxh6 44.
Qxf6 Kh7 45. Qxe5 Qd8 46. Qd4 Nb6 47. Qc5 Kg8 48. Be2 Ba4 49. Bxc4 Bc2 50.
d6 Nxc4 51. Qxc4 Bd1 52. Qc7 1-0

[Event "8th ch-Euro"]
[Site "Dresden GER"]
[Date "2007.04.03"]
[Round "1"]
[White "Roiz,M"]
[Black "Erdogdu,M"]
[Result "1-0"]
[WhiteElo "2605"]
[BlackElo "2409"]
[EventDate "2007.04.03"]

1. g3 Nf6 2. Bg2 g6 3. e4 d6 4. Ne2 c5 5. O-O Bg7 6. c3 O-O 7. d4 Nc6 8. h3
Nd7 9. Be3 cxd4 10. cxd4 Nb6 11. b3 d5 12. e5 a5 13. Nbc3 a4 14. Qd2 Na5
15. Qb2 e6 16. h4 Qe7 17. Nf4 Bd7 18. Nd3 Rfc8 19. Bg5 Qf8 20. Rfc1 Nc6 21.
Ne2 Ra7 22. Be3 Rca8 23. Nc5 Qd8 24. Nc3 axb3 25. axb3 Nb4 26. Rxa7 Rxa7
27. Qd2 Bc6 28. Bg5 Qa8 29. Nb5 Bxb5 30. Qxb4 Ra5 31. Bd8 Ra1 32. Rxa1
Qxa1+ 33. Kh2 1-0

[Event "8th ch-Euro"]
[Site "Dresden GER"]
[Date "2007.04.03"]
[Round "1"]
[White "Zude,E"]
[Black "Nepomniachtchi,I"]
[Result "0-1"]
[WhiteElo "2411"]
[BlackElo "2587"]
[EventDate "2007.04.03"]

1. e4 e6 2. d4 d5 3. Nc3 Nf6 4. e5 Nfd7 5. f4 c5 6. Nf3 Nc6 7. Be3 a6 8.
Be2 b5 9. a3 Bb7 10. O-O Qc7 11. Qd2 O-O-O 12. Rae1 g5 13. fxg5 cxd4 14.
Nxd4 Ndxe5 15. Ncxb5 axb5 16. Nxb5 Qe7 17. Qc3 Rg8 18. Rf4 Rxg5 19. Rb4 Kb8
20. Rb3 Rxg2+ 21. Kxg2 d4 22. Nxd4 Nxd4+ 23. Kh3 Nec6 24. Rb4 Nxb4 25. Bxd4
Qg5 26. Be5+ Bd6 27. Bf3 Nd5 28. Bxd5 Bxd5 29. Qb4+ Kc8 30. Qc3+ Kd7 0-1

[Event "8th ch-Euro"]
[Site "Dresden GER"]
[Date "2007.04.03"]
[Round "1"]
[White "Yakovich,Yur"]
[Black "Rocha,S"]
[Result "1-0"]
[WhiteElo "2577"]
[BlackElo "2400"]
[EventDate "2007.04.03"]

1. d4 Nf6 2. c4 g6 3. Nc3 Bg7 4. e4 d6 5. Be2 O-O 6. Bg5 Nbd7 7. Qd2 a6 8.
Nf3 c5 9. O-O cxd4 10. Nxd4 Nc5 11. f3 Ne6 12. Be3 Nxd4 13. Bxd4 Be6 14.
Rfc1 Qa5 15. Rab1 Rfc8 16. b3 Nd7 17. Be3 Rab8 18. b4 Qd8 19. Nd5 Bxd5 20.
exd5 b6 21. Rc2 a5 22. a3 axb4 23. axb4 Ra8 24. f4 Ra3 25. Bg4 f5 26. Bf3
Rca8 27. h3 Ra1 28. Rxa1 Rxa1+ 29. Kh2 Rb1 30. Ra2 Qc7 31. Ra7 Ra1 32. Rxa1
Bxa1 33. Qa2 Bc3 34. Qa4 Nb8 35. Qb3 Be1 36. Bxb6 Na6 37. b5 Nc5 38. Qe3
Nd7 39. Qxe1 Nxb6 40. Qxe7 Qc5 41. Be2 Na4 42. Qd8+ Kg7 43. Qa5 Nb6 44.
Qa7+ Kg8 45. Qb8+ Kg7 46. Qb7+ Kf6 47. Qc6 Na4 48. Qa8 1-0

[Event "8th ch-Euro"]
[Site "Dresden GER"]
[Date "2007.04.03"]
[Round "1"]
[White "Martinovic,Sa"]
[Black "Golod,V"]
[Result "1/2-1/2"]
[WhiteElo "2378"]
[BlackElo "2597"]
[EventDate "2007.04.03"]

1. d4 Nf6 2. c4 e6 3. Nc3 Bb4 4. e3 O-O 5. Nge2 d5 6. a3 Be7 7. cxd5 exd5
8. g3 a5 9. Bg2 Re8 10. O-O Bf8 11. Nf4 c6 12. Kh1 Nbd7 13. Qc2 Nb6 14. a4
g6 15. f3 Bg7 16. b3 Bf5 17. Qd1 c5 18. g4 cxd4 19. exd4 Rc8 20. Bd2 Bd7
21. Nce2 Na8 22. Rc1 Bc6 23. Be1 Nd7 24. Rc2 b6 25. Bf2 Bb7 26. Rxc8 Qxc8
27. Qd2 Ba6 28. Rc1 Qb7 29. g5 Nc7 30. Qc2 Ne6 31. Nxe6 fxe6 32. Nf4 Nf8
33. Qc7 Qxc7 34. Rxc7 Rc8 35. Rxc8 Bxc8 36. Bh3 Bd7 37. Nd3 Kf7 38. Kg1 Bc6
39. Kf1 b5 40. Nc5 bxa4 41. bxa4 e5 42. Ke2 exd4 43. Kd3 h6 44. gxh6 Bxh6
45. Kxd4 Bg7+ 46. Kd3 Be5 47. Bg3 Kf6 48. Be1 Bd6 49. Bc3+ Kg5 50. Ne6+
Nxe6 51. Bxe6 Bc7 52. Kd4 Bxa4 53. Bxd5 Bd7 54. Be1 a4 55. Bg3 Bd8 56. Bd6
Bf6+ 57. Kc4 Kh4 58. Kb4 Kh3 59. Be4 g5 60. Bc2 Kg2 61. Bxa4 Bxa4 62. Kxa4
Kxf3 63. Kb3 g4 64. Kc4 Ke4 65. Bg3 Bd4 66. Bc7 Bg1 67. Bd6 Kf3 68. Kd3 Bb6
69. Be5 Ba7 70. Bd6 Bg1 71. Bc7 Kg2 72. Ke4 Bxh2 73. Kf5 Bxc7 74. Kxg4
1/2-1/2

[Event "8th ch-Euro"]
[Site "Dresden GER"]
[Date "2007.04.03"]
[Round "1"]
[White "Bartel,Mat"]
[Black "Spiess,Gu"]
[Result "1-0"]
[WhiteElo "2587"]
[BlackElo "2398"]
[EventDate "2007.04.03"]

1. e4 e6 2. d4 d5 3. Nc3 Bb4 4. e5 c5 5. Bd2 Ne7 6. Nb5 Bxd2+ 7. Qxd2 O-O
8. c3 Nbc6 9. f4 a6 10. Nd6 cxd4 11. cxd4 f6 12. O-O-O Qb6 13. Nf3 Bd7 14.
Kb1 Nc8 15. Nxc8 Raxc8 16. exf6 Rxf6 17. Rc1 Rcf8 18. g3 Be8 19. Bd3 Bh5
20. Ne5 Nxe5 21. dxe5 R6f7 22. h4 Bg4 23. Rc3 Rc7 24. Rxc7 Qxc7 25. Rc1 Qd7
26. Qc3 Bf5 27. Bxf5 Rxf5 28. Qa5 Rf7 29. Qb6 h5 30. b3 Kh7 31. Rc3 Qe8 32.
Kb2 Rd7 33. Qc5 Qf7 34. Qd4 Qg6 35. a4 Qf5 36. Rc8 Qg4 37. Qc5 Rf7 38. Qc2+
g6 39. Rc7 Rxc7 40. Qxc7+ Kg8 41. Qc8+ Kf7 42. Qxb7+ Kf8 43. Qxa6 Qxg3 44.
Qc8+ Kg7 45. Qc7+ Kh6 46. a5 Qe1 47. Qc5 Qe2+ 48. Ka3 Qd3 49. Qc8 Kg7 50.
a6 Qd2 51. Qc7+ 1-0

[Event "8th ch-Euro"]
[Site "Dresden GER"]
[Date "2007.04.03"]
[Round "1"]
[White "Richter,Mic"]
[Black "Nataf,IA"]
[Result "1/2-1/2"]
[WhiteElo "2396"]
[BlackElo "2589"]
[EventDate "2007.04.03"]

1. d4 Nf6 2. Nf3 g6 3. g3 Bg7 4. Bg2 O-O 5. O-O d6 6. b3 a5 7. Bb2 a4 8.
Qc1 Nc6 9. Rd1 Bd7 10. c4 axb3 11. axb3 Rxa1 12. Bxa1 Qa8 13. Nc3 Qa5 14.
Nb5 Nb4 15. Qa3 Qxa3 16. Nxa3 Ra8 17. Bb2 Bf5 18. Nd2 c6 19. Ra1 d5 20. Bc3
Na6 21. h3 h5 22. f3 Bh6 23. Kf2 Rd8 24. e3 c5 25. Ba5 Ra8 26. cxd5 cxd4
27. e4 b6 28. Bxb6 Bxd2 29. Bxd4 e5 30. dxe6 Bxe6 31. Bxf6 Nc5 32. Nc4 Rxa1
33. Bxa1 Bb4 34. Bf1 Nxb3 35. Be5 Bc5+ 36. Kg2 Nd4 37. Bxd4 1/2-1/2

[Event "8th ch-Euro"]
[Site "Dresden GER"]
[Date "2007.04.03"]
[Round "1"]
[White "Degtiarev,E"]
[Black "Kritz,L"]
[Result "0-1"]
[WhiteElo "2393"]
[BlackElo "2597"]
[EventDate "2007.04.03"]

1. d4 e6 2. c4 Nf6 3. Nf3 c5 4. d5 b5 5. dxe6 fxe6 6. cxb5 d5 7. Nbd2 Qa5
8. e3 Bd7 9. Be2 Bxb5 10. O-O Bxe2 11. Qxe2 Qa6 12. Qd1 Be7 13. e4 O-O 14.
Re1 Re8 15. Ng5 h6 16. Nh3 Nc6 17. exd5 exd5 18. Nf1 Bf8 19. Rxe8 Rxe8 20.
Nf4 d4 21. b3 Nb4 22. Bd2 Nd3 23. Nxd3 Qxd3 24. Qb1 Qe2 25. Qd1 Qe4 26. Ng3
Qd5 27. Qc2 Bd6 28. Nf1 Re2 29. Re1 d3 30. Qd1 Qh5 31. f3 Qe5 32. Kh1 Nd5
33. Ng3 Rxe1+ 34. Qxe1 Qxe1+ 35. Bxe1 Bxg3 36. hxg3 c4 37. bxc4 Ne3 38. c5
Kf7 39. c6 Ke6 0-1

[Event "8th ch-Euro"]
[Site "Dresden GER"]
[Date "2007.04.03"]
[Round "1"]
[White "Potkin,V"]
[Black "Strohhaeker,Rao"]
[Result "1-0"]
[WhiteElo "2580"]
[BlackElo "2386"]
[EventDate "2007.04.03"]

1. c4 e5 2. Nc3 Nf6 3. Nf3 Nc6 4. a3 d6 5. g3 Be7 6. Bg2 O-O 7. O-O Be6 8.
d3 h6 9. b4 Qd7 10. Bb2 Bh3 11. Nd5 Bxg2 12. Kxg2 Bd8 13. b5 Nb8 14. a4 c6
15. Nxf6+ Bxf6 16. Rb1 Qe6 17. e4 Nd7 18. Ba3 Bd8 19. bxc6 bxc6 20. Nd2 Bb6
21. Nb3 f5 22. exf5 Rxf5 23. a5 Bd4 24. Qe2 c5 25. Nxd4 cxd4 26. Rb7 Nf6
27. Rfb1 Ng4 28. Rxg7+ Kxg7 29. Qxg4+ Kh8 30. Kg1 Rg8 31. Qe4 Rgf8 32. Rb7
R5f7 33. a6 Qf6 34. f3 Qxf3 35. Qxf3 Rxf3 36. Bxd6 Re8 37. Rxa7 Rxd3 38.
Rb7 Rd1+ 39. Kg2 Rd2+ 40. Kh3 Ra2 41. a7 Kg8 42. Bxe5 Rxe5 43. Rb8+ Kf7 44.
a8=Q Rxa8 45. Rxa8 Ke7 46. Kg2 Re2+ 47. Kf3 Re3+ 48. Kf4 Re2 49. h4 Rc2 50.
Rc8 d3 51. Ke3 d2 52. Ke2 Ke6 53. Rc6+ Ke5 54. Rxh6 Rxc4 55. Rg6 Rd4 56.
Kd1 Rd8 57. h5 Ke4 58. h6 Kd3 59. h7 Ra8 60. Rd6+ Ke3 61. Rxd2 Ra1+ 62. Kc2
Rh1 63. Rd7 Ke4 64. g4 Rh3 65. Rf7 1-0

[Event "8th ch-Euro"]
[Site "Dresden GER"]
[Date "2007.04.03"]
[Round "1"]
[White "Ziska,H"]
[Black "Vitiugov,N"]
[Result "0-1"]
[WhiteElo "2388"]
[BlackElo "2604"]
[EventDate "2007.04.03"]

1. e4 e6 2. d3 c5 3. f4 d5 4. Nf3 b6 5. c3 Bb7 6. Nbd2 Be7 7. Be2 Nc6 8.
O-O Qc7 9. Ne1 O-O-O 10. Nc2 dxe4 11. dxe4 Nf6 12. Qe1 h5 13. e5 Nd5 14.
Ne4 h4 15. a3 c4 16. Bxc4 h3 17. Be2 hxg2 18. Rf2 Bh4 19. c4 Nde7 20. Nd6+
Rxd6 21. exd6 Qxd6 22. Be3 Nf5 23. Rd1 Qc7 24. b4 Nce7 25. Qd2 Bg3 26. Rxg2
Bxg2 27. hxg3 Bb7 28. Ne1 Nxg3 29. Bf3 Bxf3 30. Nxf3 Qc6 31. Kg2 Nef5 0-1

[Event "8th ch-Euro"]
[Site "Dresden GER"]
[Date "2007.04.03"]
[Round "1"]
[White "Potapov,P"]
[Black "Popov,Val"]
[Result "0-1"]
[WhiteElo "2380"]
[BlackElo "2590"]
[EventDate "2007.04.03"]

1. e4 c6 2. d4 d5 3. Nd2 dxe4 4. Nxe4 Nd7 5. Ng5 Ngf6 6. Bd3 e6 7. N1f3 Bd6
8. Qe2 h6 9. Ne4 Nxe4 10. Qxe4 Qc7 11. c4 b6 12. O-O Bb7 13. Qe2 O-O-O 14.
h3 g5 15. b3 Rhg8 16. Nd2 c5 17. Bb2 cxd4 18. Bxd4 g4 19. hxg4 f5 20. f3
Ne5 21. b4 Nxd3 22. Qxd3 Bxb4 23. Nb3 Bc5 24. Kh1 Bxd4 25. Nxd4 Qd7 26.
Rad1 e5 27. Nxf5 Qxd3 28. Rxd3 Rxd3 29. Ne7+ Kd7 30. Nxg8 Rd6 31. c5 bxc5
32. f4 Rg6 33. Rb1 Bc6 34. Rb8 exf4 35. Rf8 Bd5 36. Nf6+ Ke7 0-1

[Event "8th ch-Euro"]
[Site "Dresden GER"]
[Date "2007.04.03"]
[Round "1"]
[White "Babula,V"]
[Black "Vehi Bach,V"]
[Result "1/2-1/2"]
[WhiteElo "2584"]
[BlackElo "2368"]
[EventDate "2007.04.03"]

1. d4 Nf6 2. c4 e6 3. Nf3 Bb4+ 4. Bd2 Qe7 5. g3 Nc6 6. Nc3 d5 7. Bg2 O-O 8.
a3 Bxc3 9. Bxc3 Ne4 10. Qc2 a5 11. O-O a4 12. Rac1 Bd7 13. Rfd1 Rfd8 14.
Be1 Be8 15. Nh4 Nf6 16. e3 g5 17. Nf3 Ne4 18. Ne5 f6 19. Nd3 Bg6 20. Qe2
Qf7 21. cxd5 exd5 22. Nc5 Nxc5 23. Rxc5 Nb8 24. Rdc1 c6 25. Qd1 Nd7 26. Ra5
Nb6 27. Bf1 Qd7 28. Rcc5 Qe6 29. b3 Nd7 30. Rxa8 Rxa8 31. Ra5 Rxa5 32. Bxa5
axb3 33. Qxb3 b5 34. a4 bxa4 35. Qxa4 Be4 36. Be2 g4 37. Bc7 Bf3 38. Bf1
Nf8 39. Bf4 Qd7 40. Qa8 Kg7 41. Bh6+ Kxh6 42. Qxf8+ Kg6 43. Qg8+ Kh6 44.
Bd3 Be4 45. Be2 Qa7 46. Qf8+ Kg6 47. Qg8+ Kh6 48. Qf8+ Kg6 49. Qg8+ 1/2-1/2

[Event "8th ch-Euro"]
[Site "Dresden GER"]
[Date "2007.04.03"]
[Round "1"]
[White "Sievers,S"]
[Black "Guseinov,G"]
[Result "0-1"]
[WhiteElo "2376"]
[BlackElo "2585"]
[EventDate "2007.04.03"]

1. e4 c5 2. Nf3 g6 3. d4 cxd4 4. Qxd4 Nf6 5. e5 Nc6 6. Qa4 Nd5 7. Qe4 Ndb4
8. Bb5 Bg7 9. c3 Na6 10. Bf4 Nc5 11. Qe3 Qb6 12. Bc4 Na5 13. Nbd2 Nxc4 14.
Nxc4 Qc6 15. O-O Ne6 16. Ncd2 b6 17. Bh6 Bxh6 18. Qxh6 Bb7 19. h4 g5 20.
hxg5 Rg8 21. Rfe1 O-O-O 22. Re3 Rxg5 23. Rae1 Rdg8 24. g3 R5g6 25. Qh4 Ng5
26. b3 Rh6 27. Qb4 Qe6 28. Kf1 Kb8 29. Ke2 a5 30. Qd4 Nxf3 31. Nxf3 Qf5 32.
Rd1 Kc8 33. Nh4 Qe6 34. Qf4 Rh5 35. Rd4 Rgg5 36. Nf3 Rf5 37. Rc4+ Kb8 38.
Qd4 Bxf3+ 39. Rxf3 Rxe5+ 40. Re3 d5 41. Ra4 Rxe3+ 42. fxe3 Qg6 43. Qh8+ Kb7
44. Qe8 Qc2+ 45. Kf3 Qd1+ 46. Kg2 Qh1+ 0-1

[Event "8th ch-Euro"]
[Site "Dresden GER"]
[Date "2007.04.03"]
[Round "1"]
[White "Khairullin,I"]
[Black "Meinhardt,Ma"]
[Result "1-0"]
[WhiteElo "2586"]
[BlackElo "2369"]
[EventDate "2007.04.03"]

1. e4 e6 2. d4 d5 3. e5 c5 4. c3 Qb6 5. Nf3 Nc6 6. a3 Nh6 7. b4 cxd4 8.
cxd4 Nf5 9. Bb2 a5 10. b5 a4 11. g4 Nfe7 12. Nc3 Ng6 13. bxc6 Qxb2 14. Nb5
Rb8 15. Rb1 Qa2 16. Qc1 f6 17. c7 Ra8 18. Nd2 fxe5 19. dxe5 Nxe5 20. Ra1
Qxd2+ 21. Kxd2 Be7 22. Qc3 d4 23. Qg3 1-0

[Event "8th ch-Euro"]
[Site "Dresden GER"]
[Date "2007.04.03"]
[Round "1"]
[White "Donchenko,A"]
[Black "Luther,T"]
[Result "1/2-1/2"]
[WhiteElo "2402"]
[BlackElo "2580"]
[EventDate "2007.04.03"]

1. d4 e6 2. c4 Nf6 3. Nf3 d5 4. e3 a6 5. a3 c5 6. dxc5 Bxc5 7. b4 Be7 8.
Bb2 a5 9. b5 Nbd7 10. Nbd2 O-O 11. Be2 Bd6 12. O-O Qe7 13. cxd5 exd5 14. a4
Rd8 15. Nb3 Ne4 16. Qd3 Ndf6 17. Nbd4 Bd7 18. Ba3 Rac8 19. Bxd6 Qxd6 20. h3
Rc3 21. Qd1 Rdc8 22. Bd3 Qe7 23. Ne2 R3c7 24. Nfd4 b6 25. Ra2 Qe5 26. Rc2
Rc5 27. Rxc5 bxc5 28. Nf3 Qe7 29. Qe1 Qd8 30. Qa1 Nd6 31. Rd1 Qb6 1/2-1/2

[Event "8th ch-Euro"]
[Site "Dresden GER"]
[Date "2007.04.03"]
[Round "1"]
[White "Minasian,Art"]
[Black "Bakalarz,M"]
[Result "1-0"]
[WhiteElo "2595"]
[BlackElo "2378"]
[EventDate "2007.04.03"]

1. g3 e5 2. c4 Nf6 3. Bg2 d5 4. cxd5 Nxd5 5. Nc3 Nb6 6. d3 Be7 7. Be3 O-O
8. Nf3 Nc6 9. Rc1 Kh8 10. O-O f5 11. Nb5 Bf6 12. Bc5 Re8 13. Nd2 a6 14. Nc3
Be6 15. Nb3 Nd5 16. Nxd5 Bxd5 17. e4 fxe4 18. dxe4 Be6 19. Qc2 Qd7 20. Be3
Nb4 21. Qxc7 Nxa2 22. Qxd7 Bxd7 23. Ra1 Nb4 24. Rfc1 Bb5 25. Na5 Nd3 26.
Rc2 Rac8 27. Rxc8 Rxc8 28. Nxb7 Be7 29. b3 Bb4 30. Bf1 Rc3 31. Bd2 Rc7 32.
Bxb4 Rxb7 33. Bd6 Kg8 34. Rd1 Nb2 35. Rd5 Bxf1 36. Kxf1 Rxb3 37. Bxe5 Nc4
38. Bf4 a5 39. Rc5 Rc3 40. Ke2 a4 41. Be5 Rc1 42. Bd4 a3 43. Rc7 g5 44. e5
a2 45. Ra7 Kf8 46. Rxa2 Ke7 47. Ra6 Nb2 48. Bxb2 Rc2+ 49. Ke3 Rxb2 50. f4
Rxh2 51. f5 Rh1 52. Ra7+ Kf8 53. e6 h5 54. Kd4 Re1 55. Kd5 h4 56. f6 Kg8
57. Ra8+ 1-0

[Event "8th ch-Euro"]
[Site "Dresden GER"]
[Date "2007.04.03"]
[Round "1"]
[White "Savickas,A"]
[Black "Damljanovic,B"]
[Result "0-1"]
[WhiteElo "2360"]
[BlackElo "2590"]
[EventDate "2007.04.03"]

1. e4 c5 2. Nf3 d6 3. d4 cxd4 4. Nxd4 Nf6 5. Nc3 a6 6. Be3 Ng4 7. Bc1 Nf6
8. Be2 g6 9. O-O Bg7 10. Bg5 Nc6 11. Nb3 b5 12. a3 Bb7 13. Re1 O-O 14. Bf1
Rc8 15. Nd5 Nd7 16. c3 h6 17. Bh4 g5 18. Bg3 Nce5 19. f4 gxf4 20. Bxf4 e6
21. Nb4 Nf6 22. Nd2 Nfg4 23. Nc2 f5 24. exf5 Qb6+ 25. Nd4 Rxf5 26. Bg3 Rcf8
27. Kh1 Nf2+ 28. Bxf2 Rxf2 29. Nxe6 R8f7 30. Nd4 Qc5 31. Re2 Qd5 32. Kg1
Nd3 33. N4f3 R2xf3 34. Nxf3 Qc4 35. Nd4 Bxd4+ 36. cxd4 Qxd4+ 37. Kh1 Nf2+
38. Rxf2 Qxf2 39. Qe1 Qxb2 40. Rd1 Qf2 41. Qxf2 Rxf2 42. Kg1 Rf6 43. Rd4
Bc6 44. a4 bxa4 45. Bxa6 Kf8 46. Bd3 Ke7 47. Bc2 a3 48. Bb3 Rf5 49. Rd3 Bb5
50. Rd1 Bd7 51. Re1+ Re5 52. Ra1 Ra5 53. Re1+ Kf6 54. Ba2 Bf5 55. Re3 Ra4
56. Kf2 Be4 57. Rh3 Kg5 58. Rg3+ Kf4 59. Rh3 d5 60. Rb3 Ra6 61. g3+ Ke5 62.
Ke3 d4+ 63. Kd2 Ra5 64. Rb8 Rc5 65. Re8+ Kf5 66. Bg8 a2 67. Rf8+ Ke5 68.
Re8+ Kf5 69. Rf8+ Kg6 70. Bxa2 Rc2+ 71. Ke1 Rxa2 72. Rf4 Bb7 73. Rxd4 Rxh2
74. Kf1 Kg5 75. Rb4 Bf3 76. Rf4 Bg4 77. Kg1 Rc2 78. Rb4 Bf5 79. Rd4 Re2 0-1

[Event "8th ch-Euro"]
[Site "Dresden GER"]
[Date "2007.04.03"]
[Round "1"]
[White "Markowski,T"]
[Black "Jirka,J"]
[Result "1/2-1/2"]
[WhiteElo "2553"]
[BlackElo "2360"]
[EventDate "2007.04.03"]

1. c4 e5 2. g3 Nc6 3. Bg2 d6 4. Nc3 Be6 5. d3 Qd7 6. Nd5 Nd8 7. e4 Ne7 8.
d4 c6 9. Nxe7 Bxe7 10. d5 cxd5 11. cxd5 Bg4 12. Ne2 Bh3 13. Bxh3 Qxh3 14.
Qa4+ Kf8 15. Be3 a6 16. Rc1 b5 17. Qc2 g6 18. Kd2 Kg7 19. a3 Re8 20. Qc7
Qg4 21. Nc3 f5 22. Qd7 Nf7 23. exf5 gxf5 24. f3 Qh3 25. Ne2 Rad8 26. Qb7
Kf8 27. f4 Qg2 28. Rhg1 Qe4 29. Nc3 Qc4 30. Qxa6 exf4 31. gxf4 Bf6 32. Rg3
Qb3 33. Rc2 Bxc3+ 34. bxc3 Qxd5+ 35. Kc1 Ra8 36. Qb6 Rxa3 37. Qd4 Ra1+ 38.
Kd2 Qxd4+ 39. Bxd4 Ree1 40. Kd3 Re4 41. Rb2 Rd1+ 42. Kc2 Re2+ 43. Kxd1 Rxb2
44. Rh3 h6 45. Rh5 b4 46. Rxf5 bxc3 47. Bxc3 Rxh2 48. Ra5 Rf2 49. f5 Kg8
50. Ke1 Rf3 51. Kd2 Kh7 52. Bf6 Ng5 53. Ke2 Rf4 54. Ra7+ Kg8 55. Rg7+ Kf8
56. Bxg5 1/2-1/2

[Event "8th ch-Euro"]
[Site "Dresden GER"]
[Date "2007.04.03"]
[Round "1"]
[White "Buhmann,R"]
[Black "Zherebukh,Y"]
[Result "1/2-1/2"]
[WhiteElo "2547"]
[BlackElo "2359"]
[EventDate "2007.04.03"]

1. Nf3 c5 2. c4 Nc6 3. d4 cxd4 4. Nxd4 g6 5. e4 Bg7 6. Be3 Nf6 7. Nc3 O-O
8. Be2 d6 9. O-O Nxd4 10. Bxd4 Bd7 11. Qd2 Bc6 12. Bd3 a5 13. Rae1 Nd7 14.
Bxg7 Kxg7 15. Re3 Nf6 16. Kh1 e6 17. Bb1 Qe7 18. Rh3 h5 19. f4 Ng4 20. Rd3
Rad8 21. h3 Nf6 22. e5 dxe5 23. fxe5 Nd7 24. Qf4 f6 25. Rg3 Nxe5 26. Re1
Qc5 27. Rxe5 Qxe5 28. Rxg6+ Kf7 29. Qh6 Qe1+ 30. Kh2 Qe5+ 31. Kh1 Qe1+ 32.
Kh2 1/2-1/2

[Event "8th ch-Euro"]
[Site "Dresden GER"]
[Date "2007.04.03"]
[Round "1"]
[White "Bach,Mat"]
[Black "Petrosian,TL"]
[Result "0-1"]
[WhiteElo "2364"]
[BlackElo "2592"]
[EventDate "2007.04.03"]

1. d4 Nf6 2. c4 e6 3. g3 Bb4+ 4. Bd2 Qe7 5. Bg2 O-O 6. Nf3 d5 7. Qb3 a5 8.
O-O b6 9. Bg5 Bb7 10. a3 dxc4 11. Qxc4 Bd6 12. Re1 Nbd7 13. e4 e5 14. Nc3
h6 15. Bxf6 Qxf6 16. Nd5 Bxd5 17. Qxd5 Rad8 18. Rab1 Rfe8 19. b4 axb4 20.
axb4 exd4 21. Nxd4 Nf8 22. Nc6 Bxg3 23. hxg3 Rxd5 24. exd5 Rxe1+ 25. Rxe1
g6 26. Re8 Kg7 27. Rc8 Qa1+ 28. Kh2 Nd7 29. Rxc7 Nf6 30. Bf3 Qe1 31. Nd8
Qxf2+ 32. Bg2 Ng4+ 33. Kh3 Ne5 34. Rc1 Qf5+ 35. Kh2 Ng4+ 36. Kh1 Qh5+ 0-1

[Event "8th ch-Euro"]
[Site "Dresden GER"]
[Date "2007.04.03"]
[Round "1"]
[White "Espig,L"]
[Black "Kempinski,R"]
[Result "0-1"]
[WhiteElo "2351"]
[BlackElo "2590"]
[EventDate "2007.04.03"]

1. Nf3 Nf6 2. c4 g6 3. g3 Bg7 4. Bg2 d5 5. cxd5 Nxd5 6. Nc3 Nc6 7. O-O O-O
8. d4 Nb6 9. e3 Re8 10. Re1 a5 11. h3 a4 12. Rb1 Ra5 13. Nd2 e5 14. d5 Ne7
15. e4 c6 16. b4 Ra8 17. dxc6 Nxc6 18. Nd5 Nd4 19. Bb2 Be6 20. Nf3 Nxd5 21.
Nxd4 Nxb4 22. Nxe6 Rxe6 23. Qxd8+ Rxd8 24. Bf1 a3 25. Bc1 Bf8 26. Bc4 Rc6
27. Bb3 Nc2 28. Bg5 Nxe1 29. Bxd8 Nf3+ 30. Kg2 Nd2 0-1

[Event "8th ch-Euro"]
[Site "Dresden GER"]
[Date "2007.04.03"]
[Round "1"]
[White "Stefansson,H"]
[Black "Roos,M GER"]
[Result "0-1"]
[WhiteElo "2576"]
[BlackElo "2349"]
[EventDate "2007.04.03"]

1. d4 Nf6 2. c4 g6 3. Nf3 Bg7 4. g3 c5 5. Bg2 cxd4 6. Nxd4 d5 7. cxd5 Nxd5
8. O-O O-O 9. Nb3 Nb4 10. Nc3 N8c6 11. Bd2 Bf5 12. Rc1 Rc8 13. a3 Na6 14.
Be3 Be6 15. Nd2 Nab8 16. Qa4 a6 17. Rfd1 Qa5 18. Qh4 Bf6 19. Qf4 Be5 20.
Qe4 Bg7 21. Nc4 Qh5 22. Nd5 Qg4 23. Bf4 Rcd8 24. h3 Qf5 25. Qxf5 Bxf5 26.
Bc7 Rde8 27. g4 Be6 28. Bg3 Rd8 29. Bc7 Rde8 30. Ndb6 Nd4 31. Kf1 Nbc6 32.
Rd3 f5 33. g5 f4 34. Nd2 Bf5 35. Rdc3 Ne6 36. Rxc6 bxc6 37. Rxc6 Nxc7 38.
Rxc7 Bxb2 39. Ndc4 Bd4 40. Nd5 f3 41. exf3 e6 42. Ndb6 Rb8 43. Rc6 Bd3+ 44.
Kg1 Bxc4 45. Nxc4 Rbc8 46. Rxc8 Rxc8 47. Bf1 Rb8 48. Kg2 Rb3 49. Be2 Rc3
50. a4 Rc2 51. Kf1 Rc1+ 52. Kg2 Rc2 53. Kf1 Rc1+ 54. Kg2 Ra1 55. a5 Bc3 56.
Nd6 Rxa5 57. f4 Ra1 58. Bc4 Kf8 59. Ne4 Ra4 60. Bd3 Bd4 61. h4 a5 62. h5
gxh5 63. Nd6 Ra2 64. Bxh7 Rxf2+ 65. Kg3 a4 66. Nb5 Rd2 67. Kh4 Be5 68. Nc7
Ke7 69. g6 Bd4 70. Bg8 Re2 71. Nb5 Bf6+ 72. Kxh5 Re3 73. f5 exf5 74. g7
Bxg7 75. Kg5 Rf3 76. Bd5 Rf2 0-1

[Event "8th ch-Euro"]
[Site "Dresden GER"]
[Date "2007.04.03"]
[Round "1"]
[White "Pajeken,W"]
[Black "Sedlak,N"]
[Result "0-1"]
[WhiteElo "2346"]
[BlackElo "2561"]
[EventDate "2007.04.03"]

1. d4 d5 2. c4 c6 3. Nf3 Nf6 4. cxd5 cxd5 5. Nc3 Nc6 6. Bf4 e6 7. e3 Nh5 8.
Bg5 Qb6 9. a3 h6 10. Bh4 g5 11. Bg3 g4 12. Nd2 Nxg3 13. hxg3 h5 14. b4 Bg7
15. Rc1 Qd8 16. Nb3 Kf8 17. b5 Ne7 18. Bd3 Qd6 19. a4 b6 20. Ne2 e5 21.
dxe5 Bxe5 22. Nbd4 Bd7 23. Qd2 Qf6 24. Qb4 Kg7 25. Nf4 h4 26. gxh4 Bxf4 27.
exf4 Rae8 28. Ne2 Bf5 29. Kd2 Bxd3 30. Kxd3 Ng6 31. g3 Re4 32. Qc3 Ne5+ 33.
Kd2 d4 34. Qb3 Nf3+ 35. Kd1 Rhe8 0-1